000
00279nam a22001337a 4500
008
170203b xxu||||| |||| 00| 0 eng d
020
_a
9780323037266
041
_a
eng
080
_a
61
100
_a
3
101
_a
SHM
245
_a
MEMORY NOTECARDS
_c
ZERWEKH
942
_2
udc
_c
BK
999
_c
4415
_d
4415